Catàleg del Col·legi de Periodistes de Catalunya
Vista normal Vista MARC

Entrada Topical Term

Nombre de registres utilitzats a: 34

001 - CONTROL NUMBER

  • control field: 3188

003 - CONTROL NUMBER IDENTIFIER

  • control field: OSt

005 - DATE AND TIME OF LATEST TRANSACTION

  • control field: 20130531123012.0

008 - FIXED-LENGTH DATA ELEMENTS

  • fixed length control field: 130416|| aca||babn | a|a d

040 ## - CATALOGING SOURCE

  • Original cataloging agency: OSt

150 0# - HEADING--TOPICAL TERM

  • Topical term or geographic name as entry element: Premsa digital

450 ## - SEE FROM TRACING--TOPICAL TERM

  • Topical term or geographic name entry element: Diaris electrònics

450 ## - SEE FROM TRACING--TOPICAL TERM

  • Topical term or geographic name entry element: Diaris en línia

680 ## - PUBLIC GENERAL NOTE

  • Heading or subdivision term: Per a documents sobre diaris i revistes en format en línia

Implantat amb Koha